000 00591nam a2200193Ia 4500
003 GCL
008 140319s9999 xx 000 0 ara d
040 _aGCL /
_cGCL
082 0 4 _a657.837
_bس م
100 1 _aسامى عبدالقادر سعيد
245 1 0 _aالمحاسبة فى صناعة الفنادق /
_cسامى عبدالقادر سعيد
260 _a[S.N] :
_bمكتبة الانجلوالمصرية ،
_c1992
300 _a177 ص
490 _a
650 0 4 _aالفنادق
650 0 4 _aمحاسبة التكاليف
650 0 4 _aالمحاسبة
942 _2ddc
_cBK
999 _c58941
_d58941